GIRHA BIGYAN (Record no. 3122)
[ view plain ]
| 000 -LEADER | |
|---|---|
| fixed length control field | 00320cam a2200145ua 4500 |
| 008 - FIXED-LENGTH DATA ELEMENTS--GENERAL INFORMATION | |
| fixed length control field | 131130n II |||gr||||Z||||||asm |
| 040 ## - CATALOGING SOURCE | |
| Original cataloging agency | MAIN |
| 041 ## - LANGUAGE CODE | |
| -- | English |
| 082 ## - DEWEY DECIMAL CLASSIFICATION NUMBER | |
| Classification number | 640 GRI |
| 100 ## - MAIN ENTRY--PERSONAL NAME | |
| Personal name | CO-ORDINATION COMMITTEE. |
| 245 ## - TITLE STATEMENT | |
| Title | GIRHA BIGYAN |
| 942 ## - ADDED ENTRY ELEMENTS (KOHA) | |
| Koha item type | Books |
| 653 ## - INDEX TERM--UNCONTROLLED | |
| Uncontrolled term | Home & family management |
| Withdrawn status | Lost status | Damaged status | Not for loan | Collection code | Home library | Current library | Shelving location | Date acquired | Full call number | Barcode | Date last seen | Copy number | Price effective from | Koha item type | Public note |
|---|---|---|---|---|---|---|---|---|---|---|---|---|---|---|---|
| TBHMSC | Central Library and Information Centre Sibsagar Girls College | Central Library and Information Centre Sibsagar Girls College | Home Science Rack | 21.04.1972 | 640 GRI | 03097 | 27.02.2020 | 1 | 27.02.2020 | Books | |||||
| Withdrawn | TBHMSC | Central Library and Information Centre Sibsagar Girls College | Central Library and Information Centre Sibsagar Girls College | Staff Office | 21.04.1972 | 640 GRI | 03098 | 27.02.2020 | 2 | 27.02.2020 | Books | V | |||
| TBHMSC | Central Library and Information Centre Sibsagar Girls College | Central Library and Information Centre Sibsagar Girls College | HOMESCIENCE BOOK RACK | 21.04.1972 | 640 GRI | 03099 | 27.02.2020 | 3 | 27.02.2020 | Books | V | ||||
| TBHMSC | Central Library and Information Centre Sibsagar Girls College | Central Library and Information Centre Sibsagar Girls College | HOMESCIENCE BOOK RACK | 21.04.1972 | 640 GRI | 03100 | 27.02.2020 | 4 | 27.02.2020 | Books | V | ||||
| TBHMSC | Central Library and Information Centre Sibsagar Girls College | Central Library and Information Centre Sibsagar Girls College | HOMESCIENCE BOOK RACK | 21.04.1972 | 640 GRI | 03101 | 27.02.2020 | 5 | 27.02.2020 | Books | V |